La santidad de la vida en el Antiguo Testamento (Registro nro. 70094)
[ vista simple ]
| 000 -LÍDER | |
|---|---|
| Campo fijo de descripción fija | 01283nab a2200229 i 4500 |
| 001 - NÚMERO DE CONTROL | |
| Campo de control | 768714001 |
| 003 - IDENTIFICADOR DEL NÚMERO DE CONTROL | |
| Campo de control | CO-MdFUSB |
| 005 - FECHA Y HORA DE LA ULTIMA TRANSACCIÓN | |
| control field | 20240607113039.0 |
| 008 - ELEMENTOS DE LONGITUD FIJA -- INFORMACIÓN GENERAL | |
| Campo fijo de descripción fija -- Información general | 240607t1980 ag ||||| |||| 00| 0 spa d |
| 040 ## - FUENTE DE CATALOGACIÓN | |
| Idioma de catalogación | spa |
| Agencia que realiza la transcripción | CO-MdFUSB |
| Agencia que realiza la modificación | CO-MdFUSB |
| 041 ## - CÓDIGO DE IDIOMA | |
| Código de idioma para texto/pista de sonido o título separado | spa |
| 100 ## - ASIENTO PRINCIPAL--NOMBRE PERSONAL | |
| Nombre personal | Breneman, Mervin, |
| Término relacionador | autor |
| 245 #3 - TÍTULO | |
| Título | La santidad de la vida en el Antiguo Testamento |
| Mención de responsabilidad | / Mervin Breneman |
| 520 ## - NOTA DE RESUMEN, ETC. | |
| Nota de sumario, etc. | Somos conscientes del significado que tiene la perspectiva bíblica sobre el hombre. Hablar de valores humanos y de justicia será ineficaz si no se basa en principios bíblicos. Sin embargo, la perspectiva bíblica está presente en campos como la antropología, la sociología y la economía. Por otro lado, todas las decisiones éticas personales deben estar alineadas y guiadas por esta misma visión bíblica. En ausencia de esto, es esencial una relación de fe, confianza y compromiso con Dios. |
| 630 07 - PUNTO DE ACCESO ADICIONAL DE MATERIA - TÍTULO UNIFORME | |
| Título uniforme | Biblia. |
| Parte o sección de la obra | Antiguo Testamento |
| 650 #7 - ASIENTO SECUNDARIO DE MATERIA - TERMINO TEMÁTICO | |
| Término temático o nombre geográfico como elemento de entrada | Hermenéutica bíblica |
| 9 (RLIN) | 7333 |
| 650 #0 - ASIENTO SECUNDARIO DE MATERIA - TERMINO TEMÁTICO | |
| Término temático o nombre geográfico como elemento de entrada | Santidad |
| 9 (RLIN) | 393 |
| 650 #7 - ASIENTO SECUNDARIO DE MATERIA - TERMINO TEMÁTICO | |
| Término temático o nombre geográfico como elemento de entrada | Antropología bíblica |
| 9 (RLIN) | 6715 |
| 773 0# - ASIENTO DE ITEM FUENTE | |
| Biblionumber | 69974 |
| Itemnumber | 82719 |
| Lugar, editorial y fecha de publicación | Buenos Aires |
| Otro identificador del ítem | R2611 |
| Título | Certeza |
| Número de control del registro | (CO-MdFUSB)768714001 |
| Parte(s) relacionada(s) / Volumen., número. (mes año), páginas | Número 76, (enero - marzo, 1980) páginas: 124 -125 |
| Enumeración y primera página | página: 124 |
| 942 ## - TIPO DE MATERIAL (KOHA) | |
| Tipo de Item KOHA | Artículos de Revista |
| 945 ## - INFORMACIÓN LOCAL DEL REGISTRO | |
| Catalogador | Catherine Arias Álvarez - Practicante SENA |
No hay ítems disponibles.
